| 000 | 00473ntaaa2200193 4500 | ||
|---|---|---|---|
| 003 | 01 | ||
| 005 | 20251027202853.0 | ||
| 008 | 0714s1973 ag 01 | ||
| 040 |
_aAR-BaBN _bspa _cAR-BaBN _eaacr _dRIC |
||
| 082 | _a269.1000 C14 | ||
| 100 |
_aCammack, James C _929240 |
||
| 245 | _aYours to share | ||
| 250 | _a1 ed. | ||
| 260 |
_aNashville : _bConvention Press, _cc1966 |
||
| 300 | _a72 p | ||
| 500 | _aEvangelización personal | ||
| 650 | _aevangelización | ||
| 942 | _cBK | ||
| 999 |
_c24074 _d24074 |
||